00401nam a2200157Ia 450000500170000000800410001704000190005804100120007708200110008910000160010024500410011626000410015730000120019865000230021085000100023320230714094804.0131103s9999 xx 000 0 und d aLoreto College aEnglish aFbAMB aAmbler,Eric 4aThe Intercom ConspiracycEric Ambler aGreat BritainbFontana/Collinsc1969 a188 p.  aFiction in English aLCLIB